| 000 | 00407nam a2200157Ia 4500 | ||
|---|---|---|---|
| 008 | 230312s9999||||xx |||||||||||||| ||und|| | ||
| 020 | _a81-7649-111-X | ||
| 082 |
_a658 _bPAR |
||
| 100 | _aPardoe K | ||
| 245 | 0 | _aStag Two Management Science Application Knowledge | |
| 260 |
_bViva _aIndia _c2000 |
||
| 300 | _a197 | ||
| 546 | _aEng. | ||
| 650 |
_aManagement _vusing this study and revision pack |
||
| 942 | _cBK | ||
| 999 |
_c991 _d991 |
||